[Event "Verona op-B"]
[Site "Verona"]
[Date "2019.01.05"]
[Round "5"]
[White "Battagin, Mose"]
[Black "Benedetti, Alex"]
[Result "1/2-1/2"]
[WhiteElo "1769"]
[BlackElo "1729"]
[PlyCount "57"]
[EventDate "2019.01.02"]
[EventType "swiss"]
[EventRounds "7"]
[EventCountry "ITA"]
[SourceTitle "CBM 188 Extra"]
[Source "ChessBase"]
[SourceDate "2019.02.26"]
[SourceVersion "1"]
[SourceVersionDate "2019.02.26"]
[SourceQuality "1"]

1. e4 e5 2. Nf3 Nc6 3. Bc4 Bc5 4. Nc3 Nf6 5. d3 h6 6. Nd5 d6 7. c3 Bg4 8. Ne3 Bxe3 9. Bxe3 0-0 10. h3 Be6 11. Bb5 Ne7 12. Ba4 Ng6 13. Bc2 Nd7 14. d4 Nb6 15. b3 f6 16. d5 Bd7 17. Nh2 Nf4 18. Bxf4 exf4 19. 0-0 f5 20. exf5 Bxf5 21. Bxf5 Rxf5 22. c4 Nd7 23. Nf3 Qf6 24. Nd4 Rg5 25. Ne6 Rg6 26. f3 Qh4 27. Kh1 Rxg2 28. Kxg2 Qg3+ 29. Kh1 1/2-1/2